=LDR 00000nam 2200000 4500 =001 000391 =005 20250710031630 =035 ##$$a 0010-0725000253 =007 ta =008 250710################a##########0#ind## =020 ##$$a 978-623-307-295-3 =082 ##$$a 398.209 598 =084 ##$$a 398.209 598 BAN d =100 #$$a Rukmini Banerji =245 1#$$a Damaru /$c Rukmini Banerji =250 ##$$a Cetakan Pertama =260 ##$$a Rawamangun :$b Badan Pengembangan dan Pembinaan Bahasa,$c 2022 =300 ##$$a 16 hlm. : $b Ilus. ; $c 29 cm. =856 ##$$a TBM AS SUHADA =990 ##$$a TBM01150115